000 00322nam a2200133Ia 4500
008 191201s2008 xx 000 0 und d
100 _aSHARMA, P C
245 2 _aA Text Book of Production Technology
250 _a3rd
260 _c2008
_bS Chand and Co. Ltd.
_aN.Delhi
300 _a821
650 _aME
942 _2ddc
_cBB
999 _c7200
_d7200